| 000 | 00582nam a2200205Ia 4500 | ||
|---|---|---|---|
| 005 | 20260429112153.0 | ||
| 008 | 260429s9999||||xx |||||||||||||| ||und|| | ||
| 020 | _a9781647268886 | ||
| 041 | _aEnglish | ||
| 082 |
_a338.4794 _bPER |
||
| 100 | _aPeralta, Francisco | ||
| 245 | 0 |
_aCultural heritage and sustainable tourism development / _cFrancisco Peralta |
|
| 250 | _a1st ed. | ||
| 260 |
_aNew York : _bClanrye International, _c2025. |
||
| 300 | _avii, 273 p.; hb | ||
| 650 | _a Cultural heritage | ||
| 650 | _a Sustainable | ||
| 650 | _aTourism development | ||
| 942 | _cTB | ||
| 999 |
_c52707 _d52707 |
||